Khảo cứu về tên người Thượng tại Việt Nam = A study of montagnard names in Vietnam /
محفوظ في:
| المؤلف الرئيسي: | |
|---|---|
| التنسيق: | Sách giấy |
| اللغة: | Vietnamese |
| منشور في: |
Sàigòn :
Phái đoàn cố vấn ĐH đường Michigan tại VN ,
1962
|
| الوسوم: |
إضافة وسم
لا توجد وسوم, كن أول من يضع وسما على هذه التسجيلة!
|
| Thư viện lưu trữ: | Thư viện Trường Đại học Đà Lạt |
|---|
| LEADER | 00694nam a2200253 4500 | ||
|---|---|---|---|
| 001 | DLU020014484 | ||
| 005 | ##7/1/2000 | ||
| 020 | # | # | |a 978- |
| 041 | # | # | |a vie |
| 082 | # | # | |a 305.895 922 |b AD-E |
| 090 | # | # | |a 305.895 922 |b AD-E |
| 100 | # | # | |a Adking, E. H. |
| 245 | # | # | |a Khảo cứu về tên người Thượng tại Việt Nam = |b A study of montagnard names in Vietnam / |c Adking E. H. |
| 260 | # | # | |a Sàigòn : |b Phái đoàn cố vấn ĐH đường Michigan tại VN , |c 1962 |
| 300 | # | # | |a 34 tr.; |c 27 cm. |
| 992 | # | # | |a 51 |
| 994 | # | # | |a DLU |
| 900 | # | # | |a False |
| 911 | # | # | |a Administrator |
| 925 | # | # | |a G |
| 926 | # | # | |a A |
| 927 | # | # | |a SH |
| 980 | # | # | |a Thư viện Trường Đại học Đà Lạt |